[Event "27th ECh U20"]
[Site "Patras GRE"]
[Date "1999.10.05"]
[Round "1"]
[White "Petrik, Tomas"]
[Black "Iliushin, Alexei"]
[Result "0-1"]
[WhiteElo "2296"]
[BlackElo "2527"]
[EventDate "1999.10.02"]
[PlyCount "134"]

1.d4 e6 2.e4 d5 3.Nd2 Nf6 4.e5 Nfd7 5.Bd3 c5 6.c3 Nc6 7.Ne2 cxd4 8.cxd4 f6
9.exf6 Qxf6 10.Nf3 h6 11.O-O Bd6 12.Ng3 O-O 13.Nh5 Qe7 14.Bb1 Rf7 15.Bg6 
Rxf3 16.Qxf3 Nxd4 17.Qd1 Nc6 18.Bf4 Bxf4 19.Nxf4 Qf6 20.Qd2 Nde5 21.Bd3 
Bd7 22.Nh5 Qh4 23.Be2 Nd4 24.f4 Nec6 25.Rae1 Rf8 26.Bd1 Be8 27.Ng3 Qf6 28.
Bh5 g6 29.Bg4 h5 30.Bd1 Bf7 31.Ne2 Nf5 32.Ba4 Be8 33.Rc1 a6 34.Bc2 Qxb2 
35.Rb1 Qg7 36.Rfd1 Nd6 37.Nd4 Qf6 38.Nxc6 Bxc6 39.Qd4 Qxd4+ 40.Rxd4 Kg7 
41.Bd3 Kf6 42.Rc1 Rc8 43.Rb4 b5 44.Kf2 Nc4 45.Rbb1 Bd7 46.Rc2 e5 47.fxe5+ 
Nxe5 48.Ke3 d4+ 49.Kd2 Nxd3 50.Rf1+ Ke5 51.Rxc8 Bxc8 52.Kxd3 Bf5+ 53.Kd2 
a5 54.Rc1 Kd6 55.Re1 b4 56.Re8 Kc5 57.Ra8 Kb5 58.Ke1 a4 59.Rb8+ Kc4 60.Ra8
Kc3 61.Ra7 Be6 62.Rc7+ Bc4 63.Rc6 b3 64.axb3 axb3 65.Rb6 d3 66.h3 d2+ 67.
Kd1 b2 0-1

[Event "27th ECh U20"]
[Site "Patras GRE"]
[Date "1999.10.05"]
[Round "1"]
[White "Blehm, Pawel"]
[Black "Markidis, Konstantinos"]
[Result "1/2-1/2"]
[WhiteElo "2479"]
[BlackElo "2295"]
[EventDate "1999.10.02"]
[PlyCount "84"]

1.e4 e5 2.Nf3 Nc6 3.Bb5 a6 4.Ba4 Nf6 5.O-O Be7 6.Qe2 b5 7.Bb3 O-O 8.c3 d6 
9.Rd1 Na5 10.Bc2 c5 11.d4 Qc7 12.d5 Bd7 13.b3 h6 14.Nbd2 Rfe8 15.Nf1 Bf8 
16.h3 g6 17.N3h2 Bg7 18.Ng4 Nxg4 19.hxg4 Qd8 20.Rd3 Kh7 21.Rh3 Rh8 22.Be3 
Kg8 23.Rh2 Qf8 24.Ng3 Bf6 25.f3 Bg5 26.Kf2 Qe7 27.Rah1 Kg7 28.Nf1 Qf6 29.
Ke1 Nb7 30.g3 b4 31.Bxg5 Qxg5 32.Qd2 Qxd2+ 33.Kxd2 a5 34.Bb1 a4 35.Kc2 
axb3+ 36.axb3 Ra3 37.Nd2 Bb5 38.c4 Bd7 39.g5 h5 40.g4 Raa8 41.gxh5 Rxh5 
42.Rxh5 gxh5 1/2-1/2

[Event "27th ECh U20"]
[Site "Patras GRE"]
[Date "1999.10.05"]
[Round "1"]
[White "Shavtvaladze, Nikoloz"]
[Black "Dottling, Fabian"]
[Result "1/2-1/2"]
[WhiteElo "2289"]
[BlackElo "2475"]
[EventDate "1999.10.02"]
[PlyCount "96"]

1.e4 c6 2.d4 d5 3.Nc3 dxe4 4.Nxe4 Bf5 5.Ng3 Bg6 6.h4 h6 7.Nf3 Nf6 8.Ne5 
Bh7 9.Bc4 e6 10.Qe2 Nd5 11.Nh5 Nd7 12.c3 Nxe5 13.Qxe5 Rg8 14.Rh3 Bd6 15.
Qe2 Qc7 16.Bxd5 cxd5 17.Qb5+ Qd7 18.Qxd7+ Kxd7 19.Bf4 Be7 20.a4 a5 21.Be5 
Bf5 22.Rh1 f6 23.Bh2 g5 24.Ng3 Bg6 25.h5 Bh7 26.Kd2 Ra6 27.Ne2 Rb6 28.Ra2 
Rc8 29.Rf1 Ra6 30.Nc1 b6 31.Nd3 Ra7 32.g4 Rb7 33.f4 Rg8 34.fxg5 Rxg5 35.
Rg1 Bd6 36.Bxd6 Kxd6 37.Raa1 Bxd3 38.Kxd3 Rbg7 39.b4 Rxg4 40.Rxg4 Rxg4 41.
bxa5 bxa5 42.Rb1 Kc6 43.Rb5 Rg5 44.Rxa5 Rxh5 45.Ra6+ Kd7 46.Ra7+ Kd6 47.
Ra6+ Ke7 48.Ra7+ Kd6 1/2-1/2

[Event "27th ECh U20"]
[Site "Patras GRE"]
[Date "1999.10.05"]
[Round "1"]
[White "Bagirov, Rufat"]
[Black "Hunt, Adam"]
[Result "1/2-1/2"]
[WhiteElo "2471"]
[BlackElo "2288"]
[EventDate "1999.10.02"]
[PlyCount "91"]

1.d4 Nf6 2.c4 g6 3.Nc3 Bg7 4.e4 d6 5.Be2 O-O 6.Bg5 Na6 7.Qc1 e5 8.d5 Qe8 
9.h4 Nc5 10.Bxf6 Bxf6 11.b4 Na6 12.a3 Bg7 13.Nf3 f5 14.Nd2 Qe7 15.Qc2 Bd7 
16.O-O-O Nb8 17.Qb3 a5 18.c5 axb4 19.axb4 Bh6 20.Kb2 Kg7 21.Qc4 b5 22.cxb6
cxb6 23.Nf3 Rc8 24.Qb3 fxe4 25.Ng5 Bxg5 26.hxg5 Qxg5 27.Nxe4 Qf4 28.Qe3 
Qxe3 29.fxe3 Bf5 30.Nc3 Na6 31.Kb3 Nc7 32.g4 Bd7 33.g5 Rh8 34.Rh4 h5 35.
gxh6+ Rxh6 36.Rxh6 Kxh6 37.Rh1+ Kg7 38.Rg1 Bf5 39.e4 Bd7 40.Bh5 Kh6 41.
Rxg6+ Kxh5 42.Rxd6 Nb5 43.Nxb5 Bxb5 44.Rxb6 Bd3 45.Re6 Kg4 46.Rxe5 1/2-1/2

[Event "27th ECh U20"]
[Site "Patras GRE"]
[Date "1999.10.05"]
[Round "1"]
[White "Streikus, Simonas"]
[Black "Solak, Dragan"]
[Result "0-1"]
[WhiteElo "2267"]
[BlackElo "2457"]
[EventDate "1999.10.02"]
[PlyCount "82"]

1.d4 Nf6 2.c4 g6 3.Nc3 Bg7 4.e4 d6 5.Be2 O-O 6.Nf3 e5 7.O-O Nc6 8.d5 Ne7 
9.Ne1 Ne8 10.Be3 f5 11.f3 f4 12.Bf2 h5 13.b4 g5 14.c5 Ng6 15.Rc1 Rf7 16.a4
Nf6 17.a5 g4 18.cxd6 cxd6 19.Nb5 g3 20.hxg3 fxg3 21.Bxg3 Bh6 22.Rc2 a6 23.
Nc3 h4 24.Bf2 Nh5 25.Nd3 Rg7 26.Re1 Bd7 27.Bf1 Kh8 28.Qb1 Qf6 29.Be3 Ngf4 
30.Nxf4 Nxf4 31.Kf2 Rc8 32.Nd1 Rcg8 33.Bxf4 Bxf4 34.Ree2 Qg5 35.Ke1 Ba4 
36.Ra2 Bb5 37.Nf2 Bg3 38.Rac2 h3 39.gxh3 Bxe2 40.Kxe2 Bxf2 41.Kxf2 Qg1+ 
0-1

[Event "27th ECh U20"]
[Site "Patras GRE"]
[Date "1999.10.05"]
[Round "1"]
[White "Stryjecki, Marek"]
[Black "Perunovic, Miodrag"]
[Result "1-0"]
[WhiteElo "2448"]
[BlackElo "2247"]
[EventDate "1999.10.02"]
[PlyCount "98"]

1.g3 g6 2.Bg2 Bg7 3.c4 Nf6 4.Nc3 O-O 5.e4 d6 6.Nge2 Nc6 7.O-O e5 8.d3 Be6 
9.Nd5 Nd7 10.Be3 h6 11.Qd2 Kh7 12.f4 f5 13.exf5 gxf5 14.fxe5 Ndxe5 15.Rae1
Qd7 16.h3 Rae8 17.Nef4 Bf7 18.b3 Nd8 19.d4 Nec6 20.Kh2 Ne6 21.Nxe6 Bxe6 
22.Nf4 Bf7 23.Bf2 b6 24.Qd3 Kh8 25.h4 Nb4 26.Qd2 a5 27.a3 Nc6 28.Qd3 a4 
29.b4 Rxe1 30.Rxe1 Re8 31.Rxe8+ Qxe8 32.Bxc6 Qxc6 33.d5 Qd7 34.Bd4 Be5 35.
Bxe5+ dxe5 36.Qc3 Qd6 37.Nd3 b5 38.Qxe5+ Qxe5 39.Nxe5 Bg8 40.cxb5 Bxd5 41.
Kg1 Kg7 42.Kf2 Kf6 43.Nd7+ Ke7 44.Nc5 Bc4 45.Nxa4 Bxb5 46.Nc3 c6 47.Ke3 
Ke6 48.Nxb5 cxb5 49.Kd4 Kd6 1-0

[Event "27th ECh U20"]
[Site "Patras GRE"]
[Date "1999.10.05"]
[Round "1"]
[White "Bohnenblust, Simon"]
[Black "Cvek, Robert"]
[Result "1-0"]
[WhiteElo "2239"]
[BlackElo "2444"]
[EventDate "1999.10.02"]
[PlyCount "79"]

1.e4 c5 2.Nf3 Nc6 3.d4 cxd4 4.Nxd4 Nf6 5.Nc3 d6 6.Bg5 e6 7.Qd2 a6 8.O-O-O 
h6 9.Be3 Be7 10.f4 Bd7 11.Nb3 b5 12.Bd3 b4 13.Ne2 a5 14.Kb1 O-O 15.g4 Nxg4
16.Rhg1 e5 17.Bb5 a4 18.Nbc1 b3 19.axb3 axb3 20.Nxb3 Qc8 21.Nc3 Rb8 22.Qg2
g6 23.Bc1 exf4 24.h3 Ne3 25.Bxe3 fxe3 26.h4 Ne5 27.Nd5 Bd8 28.Bd3 Be6 29.
h5 g5 30.Qg3 Bxd5 31.exd5 Nxd3 32.Rxd3 e2 33.Re3 Qd7 34.Rxe2 Bf6 35.Rge1 
Rfe8 36.Qf3 Be5 37.Qd3 Qb7 38.Rf1 Rf8 39.Ref2 Qc7 40.Rf5 1-0

[Event "27th ECh U20"]
[Site "Patras GRE"]
[Date "1999.10.05"]
[Round "1"]
[White "Fontaine, Robert"]
[Black "Molander, Riku"]
[Result "1-0"]
[WhiteElo "2408"]
[BlackElo "2234"]
[EventDate "1999.10.02"]
[PlyCount "97"]

1.e4 c5 2.Nf3 d6 3.d4 cxd4 4.Nxd4 Nf6 5.Nc3 g6 6.g3 Bg7 7.Bg2 O-O 8.O-O 
Nc6 9.Nde2 Rb8 10.h3 b5 11.Be3 Bd7 12.f4 b4 13.Nd5 Ne8 14.Bc1 Nc7 15.Rb1 
Nxd5 16.exd5 Qb6+ 17.Kh2 Na5 18.b3 Rbc8 19.Bb2 Bxb2 20.Rxb2 Bb5 21.Re1 
Bxe2 22.Rxe2 Rc7 23.a3 Nb7 24.axb4 Qxb4 25.Ra2 a5 26.Ra4 Qc3 27.Rae4 Re8 
28.h4 Nc5 29.R4e3 Qf6 30.Qe1 Ra7 31.Bh3 Kf8 32.f5 g5 33.hxg5 Qxg5 34.f6 
Qxf6 35.Rf2 Qh6 36.Ref3 f6 37.Rf4 a4 38.Rh4 Qg7 39.Bf5 a3 40.Rxh7 Qg5 41.
b4 a2 42.Qa1 Qe3 43.Rf4 Qe2+ 44.Kh3 Qe5 45.Rf1 Kg8 46.bxc5 Ra3 47.Qxe5 
fxe5 48.Ra1 Rf8 49.Rh5 1-0

[Event "27th ECh U20"]
[Site "Patras GRE"]
[Date "1999.10.05"]
[Round "1"]
[White "De Vreugt, Dennis"]
[Black "Nikolchovski, Toni"]
[Result "1-0"]
[WhiteElo "2398"]
[BlackElo "2190"]
[EventDate "1999.10.02"]
[PlyCount "51"]

1.e4 c5 2.Nf3 d6 3.d4 cxd4 4.Nxd4 Nf6 5.Nc3 a6 6.Be3 e5 7.Nb3 Be7 8.f3 h5 
9.Be2 Be6 10.O-O Nbd7 11.a4 Nb6 12.Qd2 d5 13.a5 d4 14.axb6 dxe3 15.Qxe3 
Nd7 16.Nd5 Bxd5 17.exd5 Qxb6 18.Qxb6 Nxb6 19.Rfd1 O-O-O 20.c4 Kb8 21.d6 
Bg5 22.c5 Nc8 23.Kf2 Na7 24.Bxa6 bxa6 25.Rxa6 Rc8 26.Rda1 1-0

[Event "27th ECh U20"]
[Site "Patras GRE"]
[Date "1999.10.05"]
[Round "1"]
[White "Eriksson, Jonas"]
[Black "Mateuta, Gabriel"]
[Result "0-1"]
[WhiteElo "2188"]
[BlackElo "2398"]
[EventDate "1999.10.02"]
[PlyCount "80"]

1.e4 g6 2.d4 c6 3.c4 Bg7 4.Nc3 d6 5.Nge2 Nf6 6.Ng3 a6 7.a4 a5 8.Be2 h5 9.
f4 h4 10.Nf1 e5 11.fxe5 dxe5 12.d5 Na6 13.Be3 Nb4 14.Nd2 Nh5 15.Nf3 Nf4 
16.O-O Bg4 17.Ne1 Nxe2+ 18.Nxe2 h3 19.g3 cxd5 20.exd5 Rc8 21.Rc1 O-O 22.
Qd2 f5 23.Nd3 f4 24.gxf4 Nxd3 25.Qxd3 Bxe2 26.Qxe2 exf4 27.Bxf4 Qf6 28.
Qe6+ Qxe6 29.dxe6 Bd4+ 30.Kh1 Bxb2 31.Rb1 Ba3 32.Rb3 Bd6 33.Rbf3 Rxc4 34.
Bh6 Rxf3 35.Rxf3 Rxa4 36.Rxh3 Re4 37.Rb3 Bb4 38.Re3 Rxe3 39.Bxe3 Kf8 40.
Bg5 Bc3 0-1

[Event "27th ECh U20"]
[Site "Patras GRE"]
[Date "1999.10.05"]
[Round "1"]
[White "Medvegy, Zoltan"]
[Black "Haznedaroglu, Kivanc"]
[Result "0-1"]
[WhiteElo "2397"]
[BlackElo "2187"]
[EventDate "1999.10.02"]
[PlyCount "50"]

1.e4 e5 2.Nf3 Nc6 3.d4 exd4 4.Nxd4 Qh4 5.Nc3 Bb4 6.Nb5 Ba5 7.Bd3 a6 8.Na3 
b5 9.Nb1 Nf6 10.O-O Bb6 11.Qd2 Bd4 12.Nd5 Ng4 13.h3 h5 14.Nxc7+ Kf8 15.
Nxa8 f6 16.Kh1 d6 17.c3 Bc5 18.Qf4 g5 19.Qg3 Nxf2+ 20.Kh2 Ng4+ 21.Qxg4 
hxg4 22.Rxf6+ Kg7 23.e5 g3+ 24.Kh1 Bxh3 25.Rg6+ Kf7 0-1

[Event "27th ECh U20"]
[Site "Patras GRE"]
[Date "1999.10.05"]
[Round "1"]
[White "Guid, Matej"]
[Black "Berescu, Alin"]
[Result "1-0"]
[WhiteElo "2185"]
[BlackElo "2386"]
[EventDate "1999.10.02"]
[PlyCount "77"]

1.Nf3 Nf6 2.g3 b5 3.Bg2 Bb7 4.Na3 a6 5.c4 b4 6.Nc2 e6 7.O-O c5 8.d4 cxd4 
9.Nfxd4 Bxg2 10.Kxg2 Be7 11.a3 bxa3 12.b3 d5 13.cxd5 Qxd5+ 14.f3 O-O 15.e4
Qb7 16.Bxa3 Bxa3 17.Rxa3 Rd8 18.Qe2 e5 19.Nf5 Nc6 20.Nfe3 Rd7 21.Rd1 Rxd1 
22.Qxd1 Rd8 23.Qe2 a5 24.Nc4 Qb5 25.Qe1 h6 26.Nxa5 Qd3 27.Qf2 Qc3 28.Nc4 
Rd1 29.N2e3 Rd8 30.Qc2 Qe1 31.Ra4 Nb4 32.Qf2 Qc3 33.Qb2 Qxb2+ 34.Nxb2 Rd2+
35.Kg1 Nd3 36.Nec4 Rxb2 37.Nxb2 Nxb2 38.Ra8+ Kh7 39.Rd8 1-0

[Event "27th ECh U20"]
[Site "Patras GRE"]
[Date "1999.10.05"]
[Round "1"]
[White "Lopez Martinez, Josep Manuel"]
[Black "Karner, Christoph"]
[Result "1-0"]
[WhiteElo "2378"]
[BlackElo "2181"]
[EventDate "1999.10.02"]
[PlyCount "97"]

1.Nf3 Nf6 2.c4 g6 3.Nc3 Bg7 4.e4 d6 5.d4 O-O 6.Be2 e5 7.O-O Na6 8.Be3 Qe8 
9.dxe5 dxe5 10.Nd2 Nd7 11.a3 f5 12.f3 f4 13.Bf2 Nac5 14.b4 Ne6 15.Nb3 g5 
16.c5 Kh8 17.Bc4 Nf6 18.Na5 g4 19.Kh1 Qh5 20.fxg4 Nxg4 21.Bg1 Rd8 22.Qe1 
Nd4 23.Rd1 Bf6 24.Rd3 Bh4 25.Qd1 Bg3 26.h3 Qh4 27.Rxd4 Nf2+ 28.Bxf2 Bxh3 
29.Rxd8+ Rxd8 30.Qxd8+ Qxd8 31.Bxg3 Bg4 32.Bh2 Qd2 33.Nd5 Qc2 34.Nxf4 exf4
35.Rxf4 h5 36.e5 b6 37.cxb6 axb6 38.Bf1 bxa5 39.bxa5 Be6 40.a6 Bd5 41.a7 
Qc1 42.a4 Kg7 43.e6 Qe1 44.Rf7+ Kg8 45.Rf5 Bb7 46.Be5 Qh4+ 47.Kg1 Qe7 48.
Rf4 Qg5 49.e7 1-0

[Event "27th ECh U20"]
[Site "Patras GRE"]
[Date "1999.10.05"]
[Round "1"]
[White "Anchev, Nikolai"]
[Black "Kallio, Heikki"]
[Result "1/2-1/2"]
[WhiteElo "2155"]
[BlackElo "2360"]
[EventDate "1999.10.02"]
[PlyCount "145"]

1.e4 d5 2.exd5 Nf6 3.d4 Bg4 4.Be2 Bxe2 5.Qxe2 Qxd5 6.Nf3 e6 7.O-O Be7 8.
Re1 O-O 9.c4 Qf5 10.Ne5 h6 11.a3 Nbd7 12.Nf3 c6 13.Nc3 Bd6 14.h3 Rfe8 15.
Ne5 Bc7 16.g4 Qh7 17.Bf4 Nxe5 18.Bxe5 Bd8 19.Rad1 h5 20.Bxf6 Bxf6 21.gxh5 
Red8 22.Qg4 Kh8 23.Ne4 Be7 24.Qf3 Kg8 25.Kh1 b5 26.cxb5 Rd5 27.bxc6 Rc8 
28.Nc3 Rf5 29.Qg2 Rg5 30.Qf3 Rf5 31.Qg2 Rg5 32.Qe4 Qxh5 33.Rd3 Bd6 34.Ree3
a5 35.d5 Re5 36.Qg4 Qxg4 37.hxg4 Rxe3 38.fxe3 exd5 39.Rxd5 Rxc6 40.Rxa5 
Bc5 41.Nd5 Bd6 42.b4 Rc4 43.b5 Rxg4 44.b6 Rc4 45.b7 Rc1+ 46.Kg2 Rb1 47.
Ra8+ Kh7 48.Nb4 Rb3 49.b8=Q Bxb8 50.Rxb8 Rxa3 51.Nd5 f5 52.Rf8 g6 53.Rf7+ 
Kh6 54.Kf3 Ra5 55.Nf4 Ra6 56.Ne2 Ra1 57.Rd7 Ra6 58.Kf4 Re6 59.Nd4 Re4+ 60.
Kf3 Rg4 61.Rd6 Kg7 62.Ne6+ Kf7 63.Nf4 Rg1 64.Nh3 Rf1+ 65.Kg2 Ra1 66.Nf4 
Ra3 67.Kf2 g5 68.Nd5 Kg7 69.Rf6 f4 70.e4 Re3 71.Re6 Ra3 72.e5 g4 73.Re7+ 
1/2-1/2

[Event "27th ECh U20"]
[Site "Patras GRE"]
[Date "1999.10.05"]
[Round "1"]
[White "Johannessen, Leif Erlend"]
[Black "Erturan, Yakup"]
[Result "1-0"]
[WhiteElo "2356"]
[BlackElo "2148"]
[EventDate "1999.10.02"]
[PlyCount "53"]

1.d4 Nf6 2.c4 g6 3.g3 Bg7 4.Bg2 O-O 5.Nc3 d6 6.Nf3 Nbd7 7.O-O e5 8.e4 exd4
9.Nxd4 Nc5 10.h3 Re8 11.Re1 a5 12.Qc2 Bd7 13.Be3 Re7 14.Rad1 h6 15.f4 Qe8 
16.Bf2 Rd8 17.b3 Kh7 18.g4 c6 19.Bh4 Bc8 20.Nf3 Rc7 21.e5 dxe5 22.Rxd8 
Qxd8 23.fxe5 Qd3 24.Qxd3 Nxd3 25.Re3 Nxg4 26.hxg4 Nf4 27.g5 1-0

[Event "27th ECh U20"]
[Site "Patras GRE"]
[Date "1999.10.05"]
[Round "1"]
[White "Lelumees, Brait"]
[Black "Kobrin, Michael"]
[Result "0-1"]
[WhiteElo "2121"]
[BlackElo "2355"]
[EventDate "1999.10.02"]
[PlyCount "110"]

1.e4 e5 2.Nf3 Nf6 3.Nxe5 d6 4.Nf3 Nxe4 5.d4 d5 6.Bd3 Nc6 7.O-O Bg4 8.Re1 
Be7 9.c4 Nf6 10.Nc3 Bxf3 11.Qxf3 Nxd4 12.Qd1 Ne6 13.cxd5 Nxd5 14.Bb5+ c6 
15.Nxd5 cxb5 16.Bf4 Nxf4 17.Rxe7+ Kf8 18.Re5 Qd6 19.Rf5 Rd8 20.Qf3 Nxd5 
21.Rd1 Qe6 22.Rfxd5 Rxd5 23.Qxd5 Qxd5 24.Rxd5 Ke7 25.Rxb5 b6 26.Kf1 Rc8 
27.Ke2 Rc2+ 28.Ke3 Kd6 29.Rb3 Kc6 30.Rc3+ Rxc3+ 31.bxc3 Kd5 32.Kd3 b5 33.
Ke3 Kc4 34.Kd2 h5 35.Kc2 g5 36.Kd2 f5 37.Kc2 h4 38.g3 b4 39.cxb4 Kxb4 40.
Kb2 Kc4 41.Kc2 Kd4 42.Kd2 Ke4 43.Ke2 f4 44.gxh4 gxh4 45.h3 a6 46.Ke1 Kd3 
47.Kd1 a5 48.Ke1 a4 49.Kd1 f3 50.a3 Kc3 51.Ke1 Kb3 52.Kd2 Kxa3 53.Kc3 Ka2 
54.Kb4 a3 55.Kc3 Kb1 0-1

[Event "27th ECh U20"]
[Site "Patras GRE"]
[Date "1999.10.05"]
[Round "1"]
[White "Ribshtein, Nati"]
[Black "Touloumis, Anestis"]
[Result "1-0"]
[WhiteElo "2349"]
[BlackElo "2111"]
[EventDate "1999.10.02"]
[PlyCount "63"]

1.d4 Nf6 2.c4 g6 3.Nc3 Bg7 4.e4 d6 5.Nf3 O-O 6.Be2 Na6 7.Bf4 Qe8 8.e5 Nh5 
9.Be3 c5 10.exd6 exd6 11.O-O f5 12.Re1 f4 13.Bc1 Qd8 14.h3 Bf5 15.Nd5 Be4 
16.dxc5 dxc5 17.Nd2 Bxd5 18.cxd5 Nb4 19.Bc4 Kh8 20.Nf3 Rf5 21.d6 Qb6 22.d7
Nc6 23.Re8+ Rf8 24.Ng5 Bd4 25.Rxf8+ Rxf8 26.Ne6 Rf7 27.d8=Q+ Nxd8 28.Nxd4 
Rd7 29.Qe2 Rxd4 30.b3 Nf6 31.Bb2 Re4 32.Qxe4 1-0

[Event "27th ECh U20"]
[Site "Patras GRE"]
[Date "1999.10.06"]
[Round "2"]
[White "Iliushin, Alexei"]
[Black "Ribshtein, Nati"]
[Result "1-0"]
[WhiteElo "2527"]
[BlackElo "2349"]
[EventDate "1999.10.02"]
[PlyCount "103"]

1.d4 Nf6 2.c4 e6 3.Nc3 c5 4.d5 exd5 5.cxd5 d6 6.e4 g6 7.Be2 Bg7 8.Nf3 O-O 
9.O-O a6 10.a4 Bg4 11.Nd2 Bxe2 12.Qxe2 Nbd7 13.Nc4 Nb6 14.Ne3 Re8 15.a5 
Nbd7 16.Nc4 Ne5 17.Nb6 Rb8 18.Bg5 Qc7 19.f3 h6 20.Be3 Qe7 21.Rae1 Ned7 22.
Nc4 Ne5 23.Nb6 Ned7 24.Nc4 Ne5 25.Nxe5 Qxe5 26.Qd2 b5 27.Bf4 Qe7 28.Bxh6 
Bxh6 29.Qxh6 b4 30.Na4 Nd7 31.b3 Qf6 32.Qd2 Qd8 33.Nb2 Qxa5 34.Ra1 Qc7 35.
Rxa6 Ra8 36.Rc6 Qb8 37.Nc4 Ne5 38.Nxe5 Rxe5 39.Qd3 Re7 40.f4 Rea7 41.e5 
dxe5 42.f5 Ra1 43.fxg6 Qa7 44.gxf7+ Kf8 45.Qf5 c4+ 46.Kh1 Rxf1+ 47.Qxf1 
cxb3 48.Rg6 Qxf7 49.Rf6 Ra7 50.Kg1 e4 51.Rxf7+ Rxf7 52.Qb1 1-0

[Event "27th ECh U20"]
[Site "Patras GRE"]
[Date "1999.10.06"]
[Round "2"]
[White "Kobrin, Michael"]
[Black "Stryjecki, Marek"]
[Result "0-1"]
[WhiteElo "2355"]
[BlackElo "2448"]
[EventDate "1999.10.02"]
[PlyCount "116"]

1.d4 g6 2.c4 Bg7 3.Nc3 d6 4.e4 Nf6 5.f3 O-O 6.Be3 a6 7.Qd2 Nbd7 8.Nge2 c5 
9.d5 b5 10.cxb5 Qa5 11.a4 Nb6 12.Nc1 Nfd7 13.Bh6 Ne5 14.Bxg7 Kxg7 15.b3 f5
16.exf5 Rxf5 17.Be2 axb5 18.O-O Bb7 19.Bxb5 Nxd5 20.N1e2 Raf8 21.Rad1 Nxc3
22.Qxc3 Qxc3 23.Nxc3 Rg5 24.Ne4 Nxf3+ 25.Rxf3 Bxe4 26.Rg3 Rxg3 27.hxg3 Bb7
28.Ra1 Ra8 29.a5 Bd5 30.Ra3 Kf7 31.a6 Ra7 32.Kf2 e6 33.Ke3 Ke7 34.Kd3 Kd8 
35.Kc3 Kc7 36.b4 Kb6 37.Ra5 Bxg2 38.Bd3 Bc6 39.Ra1 cxb4+ 40.Kxb4 Rf7 41.
Re1 Rf3 42.Bf1 Rf2 43.Bd3 Bd5 44.Kc3 Rf3 45.Rb1+ Ka7 46.Kd2 Rxg3 47.Rc1 
Kb6 48.Rb1+ Kc5 49.Rb5+ Kc6 50.Rb8 Rg2+ 51.Kc3 Ra2 52.Rh8 e5 53.Rxh7 e4 
54.Bf1 Kc5 55.Rc7+ Bc6 56.Re7 d5 57.Kb3 Ra1 58.Bg2 Rxa6 0-1

[Event "27th ECh U20"]
[Site "Patras GRE"]
[Date "1999.10.06"]
[Round "2"]
[White "Solak, Dragan"]
[Black "Dovliatov, Sanan"]
[Result "1-0"]
[WhiteElo "2457"]
[BlackElo "2339"]
[EventDate "1999.10.02"]
[PlyCount "81"]

1.e4 e5 2.Nf3 Nc6 3.Bb5 a6 4.Bxc6 dxc6 5.Nc3 f6 6.d4 exd4 7.Qxd4 Qxd4 8.
Nxd4 Bd7 9.Be3 O-O-O 10.O-O-O Ne7 11.Nde2 Ng6 12.Nf4 Bd6 13.Nxg6 hxg6 14.
h3 Be6 15.a3 Bc4 16.Rd2 Be5 17.Rxd8+ Rxd8 18.Nb1 g5 19.Nd2 Bf7 20.Nf3 Re8 
21.Nxe5 Rxe5 22.f3 c5 23.g4 Bc4 24.Kd2 b6 25.h4 gxh4 26.Rxh4 Kd7 27.g5 Re7
28.g6 Bb5 29.Bf2 Ke6 30.f4 f5 31.Rh5 fxe4 32.f5+ Kd6 33.Bg3+ Kc6 34.Ke3 
Bc4 35.Rh7 Rd7 36.Be5 Rd1 37.b3 Bd5 38.c4 Rd3+ 39.Ke2 Rxb3 40.cxd5+ Kxd5 
41.Bxg7 1-0

[Event "27th ECh U20"]
[Site "Patras GRE"]
[Date "1999.10.06"]
[Round "2"]
[White "Hunt, Adam"]
[Black "Blehm, Pawel"]
[Result "1-0"]
[WhiteElo "2288"]
[BlackElo "2479"]
[EventDate "1999.10.02"]
[PlyCount "77"]

1.e4 e5 2.Nf3 Nc6 3.Bb5 Nf6 4.O-O Nxe4 5.d4 Be7 6.Qe2 Nd6 7.Bxc6 bxc6 8.
dxe5 Nb7 9.Nd4 O-O 10.Nc3 Bc5 11.Be3 Re8 12.f4 Bxd4 13.Bxd4 d5 14.Qf2 a6 
15.Rad1 Bf5 16.Rd2 Qe7 17.Qf3 Nc5 18.g4 Ne4 19.Rg2 Qb4 20.Rd1 Bc8 21.Nxe4 
dxe4 22.Qe3 Rd8 23.Rdd2 Bb7 24.f5 Rd5 25.a3 Qf8 26.c4 Rdd8 27.Bc5 Qe8 28.
Qxe4 Rxd2 29.Rxd2 Rd8 30.Rxd8 Qxd8 31.e6 f6 32.e7 Qe8 33.Qd4 Kf7 34.Qd8 
Bc8 35.Qxc7 h5 36.h3 hxg4 37.hxg4 g6 38.Qh2 Qg8 39.Qh6 1-0

[Event "27th ECh U20"]
[Site "Patras GRE"]
[Date "1999.10.06"]
[Round "2"]
[White "Skytte, Rasmus"]
[Black "De Vreugt, Dennis"]
[Result "0-1"]
[WhiteElo "2338"]
[BlackElo "2398"]
[EventDate "1999.10.02"]
[PlyCount "86"]

1.e4 c5 2.Nf3 e6 3.c3 d5 4.e5 d4 5.Bd3 Nc6 6.O-O g6 7.Be4 Nge7 8.cxd4 Nxd4
9.Nxd4 Qxd4 10.Qf3 Bg7 11.Bxb7 Rb8 12.Bxc8 Rxc8 13.Qb7 Qxe5 14.Nc3 Qb8 15.
Qb5+ Qxb5 16.Nxb5 Rb8 17.Nd6+ Kf8 18.Rb1 Nd5 19.b3 Ke7 20.Ne4 Bd4 21.Ba3 
Rb5 22.Rfc1 Rc8 23.Rc4 Ra5 24.Bb2 Nb6 25.Bxd4 cxd4 26.Rxc8 Nxc8 27.a4 Nd6 
28.f3 f5 29.Nf2 Rc5 30.Kf1 Rc2 31.Ke2 e5 32.Kd1 Rc8 33.b4 e4 34.b5 Ke6 35.
b6 axb6 36.Rxb6 Kd5 37.a5 Rc5 38.a6 Ra5 39.fxe4+ fxe4 40.d3 e3 41.Ng4 Ra1+
42.Ke2 Kc5 43.Rb2 Nb5 0-1

[Event "27th ECh U20"]
[Site "Patras GRE"]
[Date "1999.10.06"]
[Round "2"]
[White "Jovanovic, Zoran"]
[Black "Lopez Martinez, Josep Manuel"]
[Result "1/2-1/2"]
[WhiteElo "2310"]
[BlackElo "2378"]
[EventDate "1999.10.02"]
[PlyCount "82"]

1.e4 g6 2.d4 Bg7 3.Nc3 c6 4.Nf3 d6 5.h3 Nf6 6.a4 O-O 7.Be3 b6 8.Be2 Bb7 9.
O-O Nbd7 10.Qd2 a6 11.Bh6 e5 12.Bxg7 Kxg7 13.Rfd1 Qc7 14.dxe5 dxe5 15.Qe3 
Rfe8 16.Rd2 b5 17.Bf1 Nf8 18.Ne2 Ne6 19.Ng3 h6 20.Qc3 Rab8 21.b3 Rbd8 22.
Rxd8 Qxd8 23.Qxe5 Ng5 24.Qc3 Nxe4 25.Nxe4 Rxe4 26.Bd3 Re6 27.Nd4 Rd6 28.
Nf3 Rd5 29.Re1 Qd6 30.Re5 Kg8 31.Qe1 Kg7 32.Re7 Bc8 33.Ra7 bxa4 34.bxa4 
Bf5 35.Rxa6 Bxd3 36.cxd3 Rxd3 37.Qe5 Qd7 38.Ra8 Rb3 39.Qc5 Nh7 40.Qe5+ Nf6
41.Qc5 Nh7 1/2-1/2

[Event "27th ECh U20"]
[Site "Patras GRE"]
[Date "1999.10.06"]
[Round "2"]
[White "Dottling, Fabian"]
[Black "Guid, Matej"]
[Result "1-0"]
[WhiteElo "2475"]
[BlackElo "2185"]
[EventDate "1999.10.02"]
[PlyCount "165"]

1.d4 Nf6 2.Nf3 g6 3.c4 Bg7 4.Nc3 O-O 5.e4 d6 6.Be2 e5 7.O-O Nc6 8.d5 Ne7 
9.Kh1 Ne8 10.Ne1 f5 11.exf5 Nxf5 12.Nc2 c5 13.Bd3 Nd4 14.Ne4 Nf6 15.Bg5 
Bf5 16.f3 Qd7 17.Bxf6 Bxf6 18.Qd2 Nxc2 19.Qxc2 Bxe4 20.Bxe4 Kg7 21.Qd3 a5 
22.g3 Qh3 23.Rf2 Rf7 24.Qf1 Qxf1+ 25.Raxf1 Raf8 26.Kg2 Bg5 27.Re2 Bd8 28.
Rd1 Bc7 29.h4 h6 30.b3 Rb8 31.Bd3 Rbf8 32.Rf1 Bb6 33.Rb2 Bc7 34.a3 Ra8 35.
Rfb1 b6 36.Be4 Ra7 37.h5 g5 38.Kh3 Bd8 39.Kg4 Kf6 40.b4 axb4 41.axb4 Bc7 
42.bxc5 bxc5 43.Rb7 Ra4 44.Rc1 Ra8 45.Rc2 Re7 46.Rbb2 Bb8 47.Rb6 Bc7 48.
Rbb2 Bb8 49.Ra2 Rxa2 50.Rxa2 Ba7 51.Ra6 Bb8 52.Rb6 Bc7 53.Rb7 Rg7 54.Kh3 
Re7 55.g4 Bd8 56.Rb8 Re8 57.Kg2 Rf8 58.Kf2 Be7 59.Rb7 Rd8 60.Ke2 Rf8 61.
Kd3 Rd8 62.Kc2 Rf8 63.Kb3 Ra8 64.Bg6 Rf8 65.Be4 Ra8 66.Rb6 Rd8 67.Ka4 Ra8+
68.Kb5 Rc8 69.Rb7 Ra8 70.Kc6 Rd8 71.Rd7 Rxd7 72.Kxd7 Bf8 73.Ke8 Bg7 74.Bf5
e4 75.Bxe4 Ke5 76.Kf7 Bf6 77.Kg6 Be7 78.Kg7 Bd8 79.Kxh6 Kf6 80.f4 gxf4 81.
g5+ Kf7 82.g6+ Kg8 83.g7 1-0

[Event "27th ECh U20"]
[Site "Patras GRE"]
[Date "1999.10.06"]
[Round "2"]
[White "Kallio, Heikki"]
[Black "Shavtvaladze, Nikoloz"]
[Result "1-0"]
[WhiteElo "2360"]
[BlackElo "2289"]
[EventDate "1999.10.02"]
[PlyCount "53"]

1.Nf3 Nf6 2.g3 d5 3.Bg2 c6 4.O-O Bg4 5.d3 Nbd7 6.Nbd2 e6 7.Qe1 Be7 8.e4 
dxe4 9.dxe4 O-O 10.h3 Bh5 11.Kh1 Bxf3 12.Bxf3 e5 13.Nc4 Qc7 14.Ne3 g6 15.
Qe2 Rfd8 16.Ng4 Nxg4 17.Bxg4 h5 18.Bf3 Nc5 19.Bg2 Ne6 20.f4 Nd4 21.Qf2 h4 
22.gxh4 Bc5 23.Be3 exf4 24.Bxf4 Qd7 25.Be3 Bb6 26.Rad1 Qe8 27.Bxd4 1-0

[Event "27th ECh U20"]
[Site "Patras GRE"]
[Date "1999.10.06"]
[Round "2"]
[White "Halkias, Stelios"]
[Black "Bohnenblust, Simon"]
[Result "1-0"]
[WhiteElo "2406"]
[BlackElo "2239"]
[EventDate "1999.10.02"]
[PlyCount "69"]

1.d4 Nf6 2.c4 e6 3.Nf3 b6 4.a3 Ba6 5.Qc2 c5 6.d5 exd5 7.cxd5 g6 8.Nc3 Bg7 
9.g3 O-O 10.Bg2 d6 11.O-O Re8 12.Re1 b5 13.b4 Nbd7 14.Bb2 Ng4 15.h3 Nge5 
16.Ne4 Qb6 17.Nxe5 Bxe5 18.Bxe5 Rxe5 19.bxc5 dxc5 20.f4 Ree8 21.Kh2 Bb7 
22.Rad1 b4 23.Nd2 f5 24.Nc4 Qf6 25.Na5 Ba6 26.d6 Rac8 27.Nc6 Kg7 28.Ne7 
Rb8 29.axb4 cxb4 30.Qc7 Bb5 31.Nc6 Rbd8 32.Nxd8 Qxd8 33.Rd5 a6 34.Rxb5 
axb5 35.Bc6 1-0

[Event "27th ECh U20"]
[Site "Patras GRE"]
[Date "1999.10.06"]
[Round "2"]
[White "Markidis, Konstantinos"]
[Black "Jedryczka, Krystian"]
[Result "1/2-1/2"]
[WhiteElo "2295"]
[BlackElo "2334"]
[EventDate "1999.10.02"]
[PlyCount "69"]

1.e4 e5 2.Nc3 Nf6 3.g3 d5 4.exd5 Nxd5 5.Bg2 Ne7 6.Nf3 Nbc6 7.O-O g6 8.d4 
exd4 9.Nb5 a6 10.Nbxd4 Nxd4 11.Nxd4 Bg7 12.Nb3 Qxd1 13.Rxd1 O-O 14.c3 a5 
15.Nc5 Nc6 16.Bf4 a4 17.Bxc7 a3 18.bxa3 Rxa3 19.Ne4 Ra4 20.Rab1 Rxa2 21.
Nd6 Bg4 22.Rdc1 Ne5 23.h3 Be6 24.Rd1 Nc4 25.Ne4 b6 26.Bxb6 Nxb6 27.Rxb6 
Rc8 28.g4 h6 29.Rbd6 Kh7 30.f4 Bxc3 31.Nxc3 Rxc3 32.R1d2 Ra5 33.Kh2 h5 34.
gxh5 Rxh5 35.R2d3 1/2-1/2